सिंधची दर्दभरी कहाणी (Record no. 42227)

MARC details
000 -LEADER
fixed length control field 00517nam a2200193Ia 4500
008 - FIXED-LENGTH DATA ELEMENTS--GENERAL INFORMATION
fixed length control field 220531s9999 xx 000 0 und d
041 ## - LANGUAGE CODE
Language code of text/sound track or separate title mar
082 ## - DEWEY DECIMAL CLASSIFICATION NUMBER
Item number PAD
100 ## - MAIN ENTRY--PERSONAL NAME
Personal name पाध्ये, अशोक अनु.
9 (RLIN) 75996
245 ## - TITLE STATEMENT
Title सिंधची दर्दभरी कहाणी
250 ## - EDITION STATEMENT
Edition statement 1ST
260 ## - PUBLICATION, DISTRIBUTION, ETC. (IMPRINT)
Place of publication, distribution, etc. Pune
Name of publisher, distributor, etc. Chinar
Date of publication, distribution, etc. 2013
300 ## - PHYSICAL DESCRIPTION
Extent 296
542 ## - INFORMATION RELATING TO COPYRIGHT STATUS
Copyright holder 03-07-2017
551 ## -
-- Non-grant-MRA
650 ## - SUBJECT ADDED ENTRY--TOPICAL TERM
Topical term or geographic name as entry element History
9 (RLIN) 75997
906 ## - LOCAL DATA ELEMENT F, LDF (RLIN)
d 2017-2018
f 11033
Holdings
Withdrawn status Lost status Source of classification or shelving scheme Damaged status Not for loan Collection code Home library Current library Date acquired Vendor Cost, normal purchase price Total Checkouts Total Holds Full call number Barcode Date last seen Cost, replacement price Bill Date Koha item type Original Barcode
    Dewey Decimal Classification       Shri Siddhivinayak Mahila Mahavidyalaya Shri Siddhivinayak Mahila Mahavidyalaya 26/08/2017 Sagar 300.00   1 /PAD/B/21631 SSMM-BK-21631 06/08/2022 300.00 06/08/2022 Books 010021631